=LDR 00000nam 2200000 4500 =001 INLIS000000000034363 =005 20230417120327 =035 ##$$a 0010-061300000034363 =008 230417################g##########0#ind## =041 ##$$a Ind =082 ##$$a 813 =090 ##$$a 813, Lam O.1 =100 ##$$a Lamb, Harold =245 1#$$a Omar Khayyam, Hati yang tertanam cinta dan Kebijaksanaan, /$c Harold Lamb ; Penyunting, J. Hamzah =260 ##$$a Yogyakarta :$b e-Nusantara,$c 2008 =300 ##$$a viii, 247 hlm, ; $c 24 cm =650 #4$$a Fiksi Indonesia =700 #$$a Hamzah, J =850 ##$$a NBPNMAT =020 ##$$a 978-979-15836-10-2 =084 ##$$a 813 LAM o =990 ##$$a 21195649/BPAP-NTB/2014 =990 ##$$a 21008599